000 00650nas a2200229 4500
001 BR8602334
003 BR-BrBNA
005 20231205090446.0
007 ta
008 230509b bl.|||p| |||| 00| 00por d
040 _aBR-BrBNA
_bpor
_cBiblioteca Nacional de Agricultura
041 _a(Pt)
072 _aL01; E16
100 1 _aGomes, P.R.M.
245 1 _aUma pequena maquina de lucro [codorna]
650 _aCODORNA
650 _aCRIACAO
650 _aRENTABILIDADE
773 0 _tAgricultura de Hoje (Brazil)
_xISSN 0100-5707
_g(Apr 1986), v. 11(114) p. 34-35
_wBR8602334
909 _a202311
_bLúcia
_c55
_dLúcia Elande
942 _2AGRIS
_n0
_cANA
999 _c118565
_d118565